Minería en Colombia : (Registro nro. 8686)

Detalles MARC
000 -CABECERA
Campo de control 01892nam a22003617a 4500
005 - FECHA Y HORA DE LA ULTIMA TRANSACCION
Campo de control 20171005020002.0
008 - ELEMENTOS DE LONGITUD FIJA—INFORMACION GENERAL
Campo de control 140117b2014 ck |||||r||||o00| 0 spa d
020 ## - ISBN
ISBN 9789589351956
041 0# - IDIOMA
Código de idioma para texto/pista de sonido o título separado Español
044 ## - PAÍS DE PUBLICACIÓN
País de publicación Colombia
082 04 - NUMERO DE CLASIFICACION DECIMAL DEWEY
Número de clasificación 320.12
Número del ítem C76m3
245 00 - MENCION DE TITULO
Título Minería en Colombia :
Parte restante del título daños ecológicos y socio-económicos y consideraciones sobre un modelo minero alternativo /
Mención de responsabilidad Luis Jorge Garay ..[et al.]
260 ## - PUBLICACION, DISTRIBUCION, ETC. (PIE DE IMPRENTA)
Lugar de publicación, distribución, etc. Bogotá :
Nombre del editor, distribuidor, etc. Contraloría General de la República,
Fecha de publicación, distribución, etc. 2014.
300 ## - DESCRIPCION FISICA
Extensión 491 p.
Otros detalles físicos il.,
Dimensiones 25 cm.
504 ## - NOTA DE BIBLIOGRAFIA, ETC.
Nota de bibliografía Incluye referencias bibliográficas e índice.
505 ## - NOTA DE CONTENIDO
Nota de contenido Cap. 1 Una política integral minera desde la perspectiva de un sistema completo: hacia un modelo alternativo
505 ## - NOTA DE CONTENIDO
Nota de contenido Cap. 2 Aportes a la conceptualización del daño ambiental y del pasivo ambiental por minería
505 ## - NOTA DE CONTENIDO
Nota de contenido Cap. 3 Licencias ambientales : entre el deterioro grave y el daño ambiental.
505 ## - NOTA DE CONTENIDO
Nota de contenido Cap. 4 Propiedad sobre el subsuelo y los recursos mineros : aportes comparativos para analizar el caso colombiano
505 ## - NOTA DE CONTENIDO
Nota de contenido Cap. 5 Revisitando el debate sobre la renta minera y government take: el carbón a gran escala en Colombia
505 ## - NOTA DE CONTENIDO
Nota de contenido Cap. 6 La distribución regional de la actividad agrícola, minera y no minera en Colombia 1975-2012
505 ## - NOTA DE CONTENIDO
Nota de contenido Cap. 7 Normatividad penal y minera sin el cumplimiento de requisitos legales.
650 14 - ASIENTO SECUNDARIO DE MATERIA - TERMINO TEMATICO
Término temático o nombre geográfico como elemento de entrada Geopolítica
Subdivisión geográfica Colombia
650 24 - ASIENTO SECUNDARIO DE MATERIA - TERMINO TEMATICO
Término temático o nombre geográfico como elemento de entrada Territorio nacional
Subdivisión geográfica Colombia
650 24 - ASIENTO SECUNDARIO DE MATERIA - TERMINO TEMATICO
Término temático o nombre geográfico como elemento de entrada Política minera
Subdivisión geográfica Colombia
650 24 - ASIENTO SECUNDARIO DE MATERIA - TERMINO TEMATICO
Término temático o nombre geográfico como elemento de entrada Economía política
Subdivisión geográfica Colombia
650 24 - ASIENTO SECUNDARIO DE MATERIA - TERMINO TEMATICO
Término temático o nombre geográfico como elemento de entrada Derecho minero
Subdivisión general Legislación
Subdivisión geográfica Colombia
650 24 - ASIENTO SECUNDARIO DE MATERIA - TERMINO TEMATICO
Término temático o nombre geográfico como elemento de entrada Impacto ambiental
Subdivisión geográfica Colombia
700 1# - ASIENTO SECUNDARIO - NOMBRE PERSONAL
Nombre personal Garay-Salamanca, Luis Jorge
Término de relación Dir. Proyecto
700 1# - ASIENTO SECUNDARIO - NOMBRE PERSONAL
Nombre personal Pardo-Becerra, Luis Alvaro
Término de relación ed.
700 1# - ASIENTO SECUNDARIO - NOMBRE PERSONAL
Nombre personal López-Camacho, René
Término de relación ed.
942 ## - ELEMENTOS ADICIONALES (KOHA)
Sistema de clasificación Dewey Decimal Classification
Tipo de ítem Libro
Koha issues (borrowed), all copies 4
Existencias
Withdrawn status Lost status Sistema de Clasificación Damaged status No para préstamo Colección Inventariado Ubicación Permanente Ubicación actual Fecha de adquisición Fuente de Valor Valor Total Checkouts Número topográfico Inventario / Código de Barras Date last seen Date checked out Ejemplar Price effective from Forma de adquisición Tipo de material
    Dewey Decimal Classification     General Inventariado 2017 Bogotá Bogotá 12/09/2014 Instituto 39000.00 3 LB-320.12 C76m3 038357 04/10/2017 04/10/2017 Ej. 1 12/09/2014   Libro